00450 2200193 4500001002100000005001500021008004100036020001800077035001900095041000700114082001200121090001200133100001500145245001000160250000600170260003300176300002100209650002600230INLIS00000000001254320241224114402241224||||||||| | ||| |||| || |  a979-666-239-6 0010-1224012543 aid0 a534 BUN a534 BUN0 aHasan amin00aBunyi a2 aJakartabbalai pustakac1998 a32hlm,:ilus,20cm 0aIlmu Pengetahuan Alam